Benenne die Blöcke aus Minecraft | Schwer - Statistiken

Allgemein
  • Dieses Quiz wurde 700 mal gespielt
  • Das Durchschnittsergebnis liegt bei 3 aus 16
Antwortstatistiken
Bildquiz Antwort % Korrekt
Grundgestein
75%
Schwarze Wolle
60%
Kohleblock
45%
Schwarzer Beton
37%
Schwarzeichenholzbretter
32%
Schwarzer Trockenbeton
22%
Tiefenschiefer-Redstone-Erz
22%
Ziegelsteine
15%
Geschnittener roter Sandstein
8%
Orange glasierte Keramik
7%
Schwarze glasierte Keramik
6%
Türkise glasierte Keramik
6%
Hellgraue glasierte Keramik
5%
Gemeißelte Netherziegel
2%
Polierte Schwarzsteinziegel
2%
Abgestorbener Orgelkorallenblock
1%
Keine übereinstimmenden Quizze gefunden
Verteilung der Resultate
Anzahl Personen mit jedem Resultat
Perzentil nach korrekt beantworteten Fragen
Ihre Resultats-Entwicklung
Sie haben dieses Quiz noch nicht gespielt